000 00303nam a22001337a 4500
008 170627b xxu||||| |||| 00| 0 eng d
020 _a9780253210241
041 _aeng
080 _a32
100 _a21
101 _aSHP
245 _aPUBLIC DIMENSION FOREIGN POLICY
_cNEWSOM.D.D
942 _2udc
_cBK
999 _c19139
_d19139